Impact of External Imbalances on the Countercyclical Capital Buffer Decisions in Slovakia

Proticyklický vankúš patrí medzi hlavné nástroje makroprudenciálnej politiky v oblasti cyklických rizík. Jeho cieľom je zvyšovať odolnosť bankového sektora v dobrých časoch, aby lepšie zvládol výššie straty v čase krízy.

Salvato in:
Dettagli Bibliografici
Autore principale: Rychtárik, Štefan
Altri autori: Kopčár, Andrej
Natura: Capitolo di libro
Lingua:inglese
Soggetti:
Tags: Aggiungi Tag
Nessun Tag, puoi essere il primo ad aggiungerne!!

MARC

LEADER 00000naa a2200000 4500
001 0242153
005 20220728114523.2
041 0 |a eng 
044 |a SK 
245 1 0 |a Impact of External Imbalances on the Countercyclical Capital Buffer Decisions in Slovakia  |c Štefan Rychtárik, Andrej Kopčár 
520 |a Proticyklický vankúš patrí medzi hlavné nástroje makroprudenciálnej politiky v oblasti cyklických rizík. Jeho cieľom je zvyšovať odolnosť bankového sektora v dobrých časoch, aby lepšie zvládol výššie straty v čase krízy. 
610 2 0 |a kríza finančná 
610 2 0 |a bankovníctvo 
610 2 0 |a riziko bankové 
610 2 0 |a riziko finančné 
610 2 0 |a cykly hospodárske 
610 2 0 |a kapitál bankový 
100 1 |a Rychtárik, Štefan 
700 1 |a Kopčár, Andrej